LEADER 01587nam a2200301 4500 001 000000363011 003 CaOOAMICUS 005 20250530102824.0 008 250530s2022 it a 000 u ita r 020 $a979-1-254-69017-8 040 $aSeMil$bita 100 1 $aBollati, Milvia.$0(OLS)http://semarc/name/74578 245 10$aManoscritti miniati in Italia della Biblioteca Ambrosiana :$bfondo "inferior" : Il Trecento /$cMilvia Bollati e Marco Petoletti ; [presentazione di Marco Ballarini ; premessa di Federico Gallo]. 264 1$aRoma :$bViella,$c2022. 300 $a187 p., [44] carte di tav. :$bill. ;$c24 cm 490 1 $aScritture e libri del Medioevo ;$v21 650 4$aManoscritti miniati - Italia - Sec. 14.$0(OLS)http://semarc/subject/57683 650 4$aMilano - Biblioteca Ambrosiana - Manoscritti.$0(OLS)http://semarc/subject/37945 700 1 $aPetoletti, Marco.$0(OLS)http://semarc/name/53321 700 1 $aBallarini, Marco,$c.$0(OLS)http://semarc/name/9255 700 1 $aGallo, Federico,$c.$0(OLS)http://semarc/name/37012 830 0$aScritture e libri del Medioevo ;$v21.$0(OLS)http://semarc/title/454036 850 $aSeMil 852 $aSeMil$W1$xVenegono$y1$m3Y II 32$j259074$B253881$CSeMilBibl$Z2$F253881 $81 996 $6020$a979-1-254-69017-8$9(OLS)http://semarc/number/303260 996 $6245$aManoscritti miniati in Italia della Biblioteca Ambrosiana :$bfondo "inferior" : Il Trecento$9(OLS)http://semarc/title/454035 996 $6264$aRoma :$bViella$9(OLS)http://semarc/publisher/31796 LEADER 00897nam a2200229 i 4500 001 000000245140 003 CaOOAMICUS 005 20150924000000.0 008 150924s1939 it u000 u ita u 013 $a224045 040 $aSeMil$bita 245 10$aVol. 1. 300 $a480 p. 490 0 $aIl fiore dei santi padri, dottori e scrittori ecclesiastici 500 $aFondo card. Giovanni Colombo. 773 0 $aFrançois : de Sales $tTeotimo, ossia Trattato dell'amor di Dio.$dRoma : Pia Società delle Figlie di San Paolo, 1939-1940.$w()32580 830 3$aIl fiore dei Santi Padri, dottori e scrittori ecclesiastici.$0(OLS)http://semarc/title/197 850 $aSeMil 852 $aSeMil$W1$xVenegono$y1$m3GC II 352/1$j195486$B195486$CSeMilBibl$Z2$F206158 $8B 941 1 $a3 961 $aLascito: Colombo Card. Giovanni 996 $6245$aVol. 1$9(OLS)http://semarc/title/13429